Every Track The Rolex Sports Car Series Has Raced At - Statistics

General Stats
  • This quiz has been taken 50 times
  • The average score is 18 of 25
Answer Stats
Year(s) Active State Answer % Correct
1998-2013 FL Daytona International Speedway Road Course
97%
2005-2009, 2011-2013 CA Weathertech Raceway Laguna Seca
97%
2012-2013 IN Indianapolis Grand Prix Circuit
92%
1998, 2000-2013 NY Watkins Glen International
92%
2013 TX Circuit of the Americas
89%
2006 CA Long Beach Street Circuit
89%
1998-2001, 2003-2013 OH Mid-Ohio Sports Car Course
87%
2000-2001, 2011-2013 WI Road America
87%
2013 GA Road Atlanta
84%
2013 KS Kansas Speedway Road Course
82%
2007-2012 Canada Circuit Gilles Villeneuve
79%
2000-2006 AZ Phoenix Raceway Road Course
76%
2002-2011 VA Virginia International Raceway
76%
2006-2008 CA Sonoma Raceway
74%
2005-2008 Mexico Autodromo Hermanos Rodriguez
71%
1998, 2000-2012 FL Homestead-Miami Speedway
71%
1999-2001, 2006-2008, 2010-2013 CT Lime Rock Park
71%
2003-2013 AL Barber Motorsports Park
68%
2007 IA Iowa Speedway Road Course
68%
2002-2005 CA California Speedway Road Course
53%
2012-2013 MI The Raceway at Belle Isle
53%
1998 MN Minneapolis Street Circuit
42%
2008-2012 NJ New Jersey Motorsports Park
42%
2000-2001 Canada Circuit de Trois-Rivieres
34%
2006-2010 UT Utah Motorsports Campus
32%
No matching quizzes found
Score Distribution
Percent of People with Each Score
Percentile by Number Answered
Your Score History
You have not taken this quiz